| 000 | 00671nam a2200217 a 4500 | ||
|---|---|---|---|
| 005 | 20240806063817.0 | ||
| 008 | 080414s2004 ag r 000 0 spa d | ||
| 020 | _a9507530975 | ||
| 035 | _aUPN01000155431 | ||
| 049 | _aCG | ||
| 050 | 4 |
_aPZ71 _bP4.84 |
|
| 100 | 1 |
_aPelletier, Maryse, _d1946- |
|
| 245 | 1 | 0 |
_aVicente : _by la música de las cosas / _cMaryse Pelletier ; tr. Valeria Castelló-Joubert. |
| 260 |
_aBuenos Aires : _bCantaro, _c2004. |
||
| 300 | _a99 p. | ||
| 440 | 0 | _aAldea literaria | |
| 534 |
_pTítulo original: _tLa musique des choses |
||
| 650 | 4 |
_aLiteratura juvenil _95153 |
|
| 650 | 4 |
_aLIBROS Y LECTURA PARA LA JUVENTUD _910549 |
|
| 905 | _aLibro | ||
| 999 |
_c127546 _d127546 |
||